|
|
|
|
| LEADER |
01599nam a22003497a 4500 |
| 001 |
38894 |
| 003 |
BD-DhAAL |
| 008 |
220613t2015 ii a 001 0 eng d |
| 999 |
|
|
|c 44315
|d 44315
|
| 020 |
|
|
|a 0199461856
|
| 020 |
|
|
|a 9780199461851
|
| 040 |
|
|
|a BD-DhAAL
|c BD-DhAAL
|
| 082 |
|
|
|a 537
|
| 100 |
|
|
|a Sadiku, Matthew N. O.
|9 49269
|
| 245 |
|
|
|a Principles of electromagnetics /
|c Matthew N.O. Sadiku ; adapted by S. V. Kulkarni
|
| 250 |
|
|
|a Sixth edition.
|
| 260 |
|
|
|a New Delhi :
|b Oxford University Press,
|c c2015.
|
| 300 |
|
|
|a xviii, 888 pages :
|b illustrations ;
|c 25 cm.
|
| 490 |
|
|
|a Oxford Higher Education
|
| 500 |
|
|
|a Include index.
|
| 526 |
|
|
|a EEE
|
| 541 |
|
|
|a Trim Education
|e 38894, 38895, 38896
|
| 650 |
|
|
|a Electromagnetism.
|9 49270
|
| 650 |
|
|
|a Electrical engineering.
|9 49271
|
| 650 |
|
|
|a Electric circuits.
|9 49272
|
| 700 |
|
|
|a Kulkarni, S. V.
|9 49274
|
| 830 |
|
|
|a Oxford Higher Education
|9 49273
|
| 852 |
|
|
|a Ayesha Abed Library
|c General Stacks
|
| 942 |
|
|
|2 ddc
|c BK
|
| 952 |
|
|
|0 0
|1 0
|2 ddc
|4 0
|6 537_000000000000000_SAD
|7 0
|9 70812
|a BRACUL
|b BRACUL
|c GEN
|d 2022-06-06
|e Trim Education
|g 1170.00
|l 11
|m 121
|o 537 SAD
|p 3010038895
|r 2026-01-16
|s 2025-10-20
|t 2
|v 1170.00
|w 2022-06-06
|y BK
|
| 952 |
|
|
|0 0
|1 0
|2 ddc
|4 0
|6 537_000000000000000_SAD
|7 0
|9 70813
|a BRACUL
|b BRACUL
|c GEN
|d 2022-06-06
|e Trim Education
|g 1170.00
|l 9
|m 97
|o 537 SAD
|p 3010038896
|r 2026-02-19
|s 2024-10-07
|t 3
|v 1170.00
|w 2022-06-06
|y BK
|
| 952 |
|
|
|0 0
|1 0
|2 ddc
|4 0
|6 537_000000000000000_SAD
|7 0
|9 70814
|a BRACUL
|b BRACUL
|c GEN
|d 2022-06-06
|e Trim Education
|g 1170.00
|l 9
|m 103
|o 537 SAD
|p 3010038894
|r 2025-10-12
|s 2024-10-07
|t 1
|v 1170.00
|w 2022-06-06
|y BK
|